000 01121cam a22001934a 4500
005 20250605163954.0
008 250528s ||||||||||||||||||||||||d
035 _a15423
020 _a273039385
040 _aGR-AtMCL
_bgre
_dGR-AtMCL
_eAACR2
245 1 _aQuantitative Methods for Decision Makers
260 _bPitman Publishing,
_c1994
300 _a436
520 _aThe book provides the reader with a detailed understanding of both the role and purpose of quantitative techniques in effective management and in the process of managerial decision making. Introduction, Tools of the Trade, Data Presentation Methods, Management Statistics, Probability and Probability Distributions, Decision Making under Uncertainty, Market Research and Statistical Inference, Quality Control and Quality Management, Forecasting I: Moving Averages and Time Series, Forecasting II: Simple Linear Regression, Linear Programming, Stock Control, Project Management, Simulation, Financial Decision Making, Conclusion, Bibliography, Index.
700 1 _aWisniewski Mik
_91052
942 _cBK
999 _c1005
_d1005